| 000 | 00584nam a22001937a 4500 | ||
|---|---|---|---|
| 005 | 20140327163029.0 | ||
| 010 | _aB-529818 | ||
| 020 | _c330.00 | ||
| 035 | _aB-529818 | ||
| 037 |
_adpl _bUBH/Ven |
||
| 082 | _a346.5402 | ||
| 100 | _aBangia, R.K. | ||
| 245 |
_aThe Indian Contract Act/ _cby R.K.Bangia |
||
| 260 |
_aDelhi _bAllahabad Law Agency _c2012 |
||
| 270 |
_a1559, Outram Lines _bDelhi _e110009 |
||
| 300 |
_a522p. _c23cm(pbk) |
||
| 942 |
_2ddc _cEN _h346.5402 _mBAN |
||
| 999 |
_c83195 _d83195 |
||